000 00391 a2200109 4500
001 ART_23139
005 20260410161929.0
008 260409a
245 1 0 _aLa naturaleza ética del acto aconómico
100 1 _aLetizia, Francisco
773 0 _tRevista de la Facultad de Ciencias Económicas de la Universidad de Cuyo
_g- Año XLI, Nº 99/100 (ene./dic. 1989)
_wREV22981
999 _c28410
_d28410